000 00665nam a22002297a 4500
999 _c4188
_d4188
003 URS
005 20220117120214.0
008 190610b ||||| |||| 00| 0 eng d
020 _a9710866907
040 _erda
_cURS
_beng
050 _aHA 29
_b.C137 2006
100 _aCalmorin, Laurentina Paler.
245 _aStatistics for secondary students /
_cLaurentina Paler-Calmorin. --
264 1 _aMandaluyong :
_bNational Book Store,
_c2006.
300 _ax, 259 pages ;
_c25 cm
336 _atext
_btxt
_2rdacontent
337 _aunmediated
_bn
_2rdamedia
338 _avolume
_bnc
_2rdacarrier
500 _aInclude index.
650 _aStatistics.
942 _2lcc
_cF